[Event "Paleochora op 16th"]
[Site "Paleochora"]
[Date "2023.07.20"]
[Round "2"]
[White "Tzagarakis, Panagiotis"]
[Black "Kvaloy, Aksel Bu"]
[Result "1/2-1/2"]
[WhiteElo "2046"]
[BlackElo "2415"]
[PlyCount "121"]
[EventDate "2023.07.19"]
[EventType "swiss"]
[EventRounds "9"]
[EventCountry "GRE"]
[SourceTitle "EXT 2024"]
[Source "ChessBase"]
[SourceDate "2023.10.10"]
[SourceVersion "1"]
[SourceVersionDate "2023.10.10"]
[SourceQuality "1"]

1. e4 e5 2. Nf3 Nc6 3. Bb5 a6 4. Ba4 Nf6 5. 0-0 Be7 6. Re1 b5 7. Bb3 0-0 8. a4 Bb7 9. d3 Re8 10. Nbd2 Bf8 11. c3 d5 12. exd5 Nxd5 13. d4 Na5 14. Nxe5 Nxb3 15. Nxb3 Nb6 16. axb5 axb5 17. Rxa8 Bxa8 18. f3 Qd5 19. Nd3 Rxe1+ 20. Nxe1 c5 21. Qc2 c4 22. Nd2 Qe6 23. Qd1 Nd5 24. Ne4 b4 25. cxb4 Nxb4 26. Nf2 Qd7 27. Be3 Nd5 28. Bd2 h6 29. Nc2 Qb5 30. Qc1 Qb3 31. Ne3 Nf4 32. Kf1 Bd5 33. Bc3 Be6 34. Qd2 Qb7 35. Ne4 Nd3 36. Nf2 Nf4 37. Qc2 Qa8 38. Qe4 Qa1+ 39. Be1 Nd3 40. Nfd1 Nxe1 41. Kxe1 Qa5+ 42. Ke2 Qb5 43. Kf2 Qb4 44. Qc2 Qb6 45. Qd2 Bd6 46. g3 f5 47. d5 Bd7 48. Kg2 Qc5 49. f4 Bc8 50. Nc3 g6 51. Qe2 Ba6 52. Nc2 Kg7 53. Qe3 Qxe3 54. Nxe3 Bc5 55. Kf3 Kf6 56. g4 Bxe3 57. Kxe3 fxg4 58. Ne4+ Kf5 59. Ng3+ Kf6 60. Ne4+ Kf5 61. Ng3+ 1/2-1/2

[Event "GRE-ch South U16"]
[Site "Athens"]
[Date "2020.09.03"]
[Round "9"]
[White "Patrelakis, Evaggelos"]
[Black "Tzagarakis, Panagiotis"]
[Result "1-0"]
[WhiteElo "2279"]
[BlackElo "1952"]
[PlyCount "67"]
[EventDate "2020.08.28"]
[EventType "swiss"]
[EventRounds "9"]
[EventCountry "GRE"]
[SourceTitle "EXT 2023"]
[Source "ChessBase"]
[SourceDate "2022.10.05"]
[SourceVersion "1"]
[SourceVersionDate "2022.10.05"]
[SourceQuality "1"]

1. e4 e5 2. Nf3 Nc6 3. Bc4 Bc5 4. c3 Nf6 5. d3 a6 6. 0-0 d6 7. d4 Ba7 8. dxe5 Nxe5 9. Nxe5 dxe5 10. Qf3 Qe7 11. h3 h6 12. Be3 Bxe3 13. Qxe3 Nh5 14. Re1 Nf4 15. Bf1 g5 16. Kh2 g4 17. g3 Ng6 18. h4 Rg8 19. Kg1 Be6 20. Nd2 0-0-0 21. Qa7 Nxh4 22. Rad1 Rxd2 23. gxh4 Qd6 24. Rxd2 Qxd2 25. Re2 Qd1 26. Qa8+ Kd7 27. Qxg8 Bc4 28. Qxg4+ Ke7 29. b3 Bxe2 30. Qxe2 Qd7 31. Qf3 Qc6 32. Bh3 Qc5 33. Qd3 Kf6 34. Qe3 1-0

[Event "GRE-ch South U16"]
[Site "Athens"]
[Date "2020.09.01"]
[Round "7"]
[White "Makridis, Dimitrios"]
[Black "Tzagarakis, Panagiotis"]
[Result "1/2-1/2"]
[WhiteElo "1944"]
[BlackElo "1952"]
[PlyCount "79"]
[EventDate "2020.08.28"]
[EventType "swiss"]
[EventRounds "9"]
[EventCountry "GRE"]
[SourceTitle "EXT 2023"]
[Source "ChessBase"]
[SourceDate "2022.10.05"]
[SourceVersion "1"]
[SourceVersionDate "2022.10.05"]
[SourceQuality "1"]

1. e4 e5 2. Nf3 Nc6 3. d4 exd4 4. Nxd4 Qf6 5. Nf3 Bb4+ 6. c3 Bc5 7. Bg5 Qg6 8. Nbd2 Nf6 9. Bd3 Ng4 10. 0-0 d6 11. Nc4 Nge5 12. Ncxe5 Nxe5 13. Bb5+ Nd7 14. e5 0-0 15. Be7 Re8 16. exd6 Bxd6 17. Bxd6 cxd6 18. Qd4 a6 19. Bd3 Qf6 20. Rfe1 Ne5 21. Nd2 Bf5 22. Bxf5 Qxf5 23. Qe4 Qxe4 24. Rxe4 Re6 25. h3 Rae8 26. Re3 Nd7 27. Nf1 Nc5 28. Rd1 Rd8 29. f3 Kf8 30. Kf2 Ke7 31. Ng3 g6 32. Ne2 Kd7 33. Nd4 Rxe3 34. Kxe3 Re8+ 35. Kd2 Ne6 36. Nxe6 fxe6 37. h4 Rf8 38. Ke3 e5 39. g3 Ke6 40. Rd2 1/2-1/2

[Event "GRE-ch South U16"]
[Site "Athens"]
[Date "2020.08.29"]
[Round "3"]
[White "Tzagarakis, Panagiotis"]
[Black "Minas, Panagiotis"]
[Result "1-0"]
[WhiteElo "1952"]
[BlackElo "1688"]
[PlyCount "61"]
[EventDate "2020.08.28"]
[EventType "swiss"]
[EventRounds "9"]
[EventCountry "GRE"]
[SourceTitle "EXT 2023"]
[Source "ChessBase"]
[SourceDate "2022.10.05"]
[SourceVersion "1"]
[SourceVersionDate "2022.10.05"]
[SourceQuality "1"]

1. e4 c5 2. Nf3 d6 3. d4 cxd4 4. Nxd4 Nf6 5. Nc3 a6 6. Be3 e5 7. Nb3 Be6 8. f4 exf4 9. Bxf4 Be7 10. h3 0-0 11. Qe2 Nbd7 12. 0-0-0 Qc7 13. g4 b5 14. g5 Ne8 15. Nd4 b4 16. Nd5 Bxd5 17. exd5 Ne5 18. Nc6 Nxc6 19. dxc6 Qd8 20. h4 Nc7 21. Qh5 Nb5 22. Bd3 g6 23. Qf3 Re8 24. Bc4 Qc7 25. Bxf7+ Kh8 26. h5 Kg7 27. Bxe8 Rxe8 28. hxg6 hxg6 29. Be5+ dxe5 30. Rh7+ Kxh7 31. Qf7+ 1-0

[Event "GRE-ch U20"]
[Site "Trikala"]
[Date "2020.08.20"]
[Round "6"]
[White "Tsarsitalidis, Konstantinos"]
[Black "Tzagarakis, Panagiotis"]
[Result "0-1"]
[WhiteElo "2094"]
[BlackElo "1952"]
[PlyCount "84"]
[EventDate "2020.08.17"]
[EventType "swiss"]
[EventRounds "9"]
[EventCountry "GRE"]
[SourceTitle "CBM 198 Extra"]
[Source "ChessBase"]
[SourceDate "2020.11.30"]
[SourceVersion "1"]
[SourceVersionDate "2020.11.30"]
[SourceQuality "1"]

1. e4 e5 2. Nf3 Nc6 3. Bc4 Bc5 4. 0-0 Nf6 5. d3 d6 6. c3 a6 7. Bb3 h6 8. h3 g5 9. Nh2 g4 10. hxg4 Rg8 11. Qf3 Qe7 12. Be3 Nxg4 13. Bxc5 dxc5 14. Nd2 Nxh2 15. Kxh2 Bg4 16. Qg3 0-0-0 17. Rh1 Kb8 18. Bd5 Qg5 19. Nf1 Qf6 20. Qe3 Ne7 21. Kg1 Rg5 22. Nd2 h5 23. f3 Be6 24. Bxe6 fxe6 25. Kf2 Ng6 26. g3 h4 27. gxh4 Rh5 28. Nb3 b6 29. Rag1 Nf4 30. Rg4 Nxd3+ 31. Ke2 Nf4+ 32. Kf2 Rh7 33. h5 c4 34. Nd2 Rd3 35. Qe1 Rhd7 36. Nxc4 Nxh5 37. Rh3 Nf4 38. Rhg3 Rd1 39. Qe3 R7d3 40. Rg8+ Kb7 41. Na5+ bxa5 42. Qc5 R3d2+ 0-1

[Event "Paleochora op 13th"]
[Site "Paleochora"]
[Date "2020.07.19"]
[Round "2"]
[White "Tzagarakis, Panagiotis"]
[Black "Ranaldi, Lucas"]
[Result "0-1"]
[WhiteElo "1958"]
[BlackElo "2343"]
[PlyCount "130"]
[EventDate "2020.07.18"]
[EventType "swiss"]
[EventRounds "9"]
[EventCountry "GRE"]
[SourceTitle "EXT 2021"]
[Source "ChessBase"]
[SourceDate "2020.10.23"]
[SourceVersion "1"]
[SourceVersionDate "2020.10.23"]
[SourceQuality "1"]

1. e4 c6 2. d4 d5 3. e5 Bf5 4. h4 h5 5. Bd3 Bxd3 6. Qxd3 e6 7. Bg5 Qa5+ 8. Nd2 Qa6 9. c4 Bb4 10. b3 c5 11. Ngf3 cxd4 12. Nxd4 Nc6 13. Nb5 Rc8 14. cxd5 Nxe5 15. Qe2 f6 16. 0-0 Ne7 17. d6 Nd5 18. f4 Qb6+ 19. Kh1 Bxd2 20. fxe5 Bxg5 21. hxg5 f5 22. Rad1 Rc5 23. Rxd5 exd5 24. Nd4 g6 25. Ne6 Kd7 26. Nxc5+ Qxc5 27. Re1 Ke6 28. Rd1 Rc8 29. Qf3 a6 30. a3 Qb5 31. Qe3 Qc6 32. Kh2 Qc5 33. Qd3 d4 34. Qg3 Qd5 35. Qf2 d3 36. d7 Qxd7 37. Qd2 Qd5 38. Qxd3 Qxd3 39. Rxd3 Kxe5 40. Rd7 Kf4 41. Rxb7 Kxg5 42. Rb6 Rc3 43. g3 a5 44. a4 Rc2+ 45. Kg1 Rb2 46. Kf1 Kh6 47. Rb5 Kg7 48. Rxa5 Rxb3 49. Kf2 Rb2+ 50. Kf3 Kf6 51. Ra6+ Kg5 52. Rc6 Rb4 53. a5 h4 54. gxh4+ Rxh4 55. a6 Rh3+ 56. Kg2 Ra3 57. Rb6 f4 58. Kf2 Kf5 59. Kg2 g5 60. Kf2 Ra2+ 61. Kf1 f3 62. a7 Kf4 63. a8Q Rxa8 64. Rb2 Kg3 65. Rb1 Rh8 0-1

[Event "GRE-chT U16"]
[Site "Thessaloniki"]
[Date "2019.11.29"]
[Round "2.2"]
[White "Papidakis, Georgios"]
[Black "Tzagarakis, Panagiotis"]
[Result "1-0"]
[WhiteElo "1904"]
[BlackElo "2019"]
[PlyCount "111"]
[EventDate "2019.11.28"]
[EventType "team-swiss"]
[EventRounds "6"]
[EventCountry "GRE"]
[SourceTitle "CBM 193 Extra"]
[Source "ChessBase"]
[SourceDate "2020.01.31"]
[SourceVersion "1"]
[SourceVersionDate "2020.01.31"]
[SourceQuality "1"]
[WhiteTeam "OFI"]
[BlackTeam "Chanion"]
[WhiteTeamCountry "GRE"]
[BlackTeamCountry "GRE"]

1. d4 Nf6 2. c4 e6 3. Nf3 d5 4. Qc2 Nbd7 5. g3 c5 6. Bg2 b6 7. 0-0 Bb7 8. cxd5 Nxd5 9. Nc3 Rc8 10. Nxd5 Bxd5 11. Qd3 cxd4 12. Qxd4 Nf6 13. Bg5 Be7 14. Ne5 Bxg2 15. Qxd8+ Bxd8 16. Kxg2 Rc5 17. Bxf6 Bxf6 18. Nd3 Rc8 19. Rac1 Kd7 20. Rfd1 Rxc1 21. Rxc1 Rc8 22. Rxc8 Kxc8 23. Kf3 Kd7 24. e4 Kd6 25. Ke3 Be7 26. Kd4 f6 27. Ke3 g5 28. h3 a5 29. f4 e5 30. fxe5+ fxe5 31. g4 Bf6 32. Nf2 Kc5 33. Kd3 b5 34. Nd1 Be7 35. Ne3 Bf6 36. Kc3 b4+ 37. Kd3 Be7 38. Nc4 Kb5 39. Nxe5 Bd6 40. Kd4 Bf8 41. Kd5 Bg7 42. b3 Bxe5 43. Kxe5 Kc5 44. Kf6 Kd4 45. e5 Kc3 46. e6 Kb2 47. e7 Kxa2 48. e8Q Kxb3 49. Qe3+ Ka4 50. Qb6 b3 51. Kxg5 Ka3 52. Qxa5+ Kb2 53. Kh6 Kb1 54. Kxh7 b2 55. Qb4 Kc2 56. g5 1-0

[Event "GRE-ch U14"]
[Site "Patras"]
[Date "2019.06.26"]
[Round "2.3"]
[White "Tzagarakis, Panagiotis"]
[Black "Stamatiou, Rodolfos"]
[Result "0-1"]
[WhiteElo "1717"]
[BlackElo "2025"]
[PlyCount "130"]
[EventDate "2019.06.25"]
[EventType "swiss"]
[EventRounds "9"]
[EventCountry "GRE"]
[SourceTitle "EXT 2020"]
[Source "ChessBase"]
[SourceDate "2019.10.17"]
[SourceVersion "1"]
[SourceVersionDate "2019.10.17"]
[SourceQuality "1"]
[WhiteTeam "Greece"]
[BlackTeam "Greece"]
[WhiteTeamCountry "GRE"]
[BlackTeamCountry "GRE"]

1. e4 c5 2. Nf3 e6 3. d4 cxd4 4. Nxd4 Nc6 5. Nc3 Qc7 6. Be3 a6 7. a3 b5 8. Be2 Bb7 9. 0-0 Nf6 10. f4 Bc5 11. e5 Qb6 12. Bf3 Bxd4 13. Bxd4 Nxd4 14. Bxb7 Nf5+ 15. Rf2 Qxb7 16. exf6 gxf6 17. Qd3 Rg8 18. Re1 0-0-0 19. Ne4 Rg6 20. Nxf6 Qc6 21. Ne4 d5 22. Ng5 Nd6 23. b3 Rdg8 24. Rfe2 h6 25. Nf3 Qc5+ 26. Qd4 Qxd4+ 27. Nxd4 Rg4 28. Rf1 Kd7 29. g3 h5 30. Nf3 f6 31. Kh1 Ne4 32. Rg1 Rc8 33. Rge1 Rc3 34. Kg2 Kd6 35. Rd1 f5 36. Rd3 Rg8 37. Nd4 Rc7 38. b4 h4 39. Rb3 hxg3 40. hxg3 Rc4 41. Rd3 Rxd4 42. Rxd4 Nxg3 43. Red2 Ne2+ 44. Kf2 Nxd4 45. Rxd4 Rc8 46. Rd2 Rc4 47. Ke2 Rxf4 48. Rd3 Ke5 49. Rh3 Rc4 50. Kd2 d4 51. Rh8 Rc3 52. a4 bxa4 53. Ra8 Rc6 54. Kc1 d3 55. Kd2 dxc2 56. Kc1 a3 57. b5 axb5 58. Rxa3 b4 59. Ra4 b3 60. Rb4 Rc3 61. Rb5+ Ke4 62. Rb4+ Ke3 63. Rb6 e5 64. Rb5 e4 65. Rxf5 b2+ 0-1

[Event "GRE-ch U18"]
[Site "Rethymno"]
[Date "2019.01.07"]
[Round "8"]
[White "Dallis, Ioannis"]
[Black "Tzagarakis, Panagiotis"]
[Result "0-1"]
[WhiteElo "1313"]
[BlackElo "1789"]
[PlyCount "144"]
[EventDate "2019.01.02"]
[EventType "swiss"]
[EventRounds "9"]
[EventCountry "GRE"]
[SourceTitle "CBM 188 Extra"]
[Source "ChessBase"]
[SourceDate "2019.02.26"]
[SourceVersion "1"]
[SourceVersionDate "2019.02.26"]
[SourceQuality "1"]

1. e4 c5 2. Nf3 e6 3. c3 d5 4. e5 Nc6 5. d4 Bd7 6. a3 c4 7. Be2 Nge7 8. Be3 Na5 9. Nbd2 Nc8 10. 0-0 Nb6 11. Ne1 Ba4 12. Nc2 Qd7 13. f4 g6 14. Rb1 Rc8 15. Bf2 Rc6 16. Bh4 Bg7 17. Nf3 Bb3 18. Qd2 Na4 19. Bd1 Rb6 20. Ne3 Ba2 21. Bxa4 Qxa4 22. Ra1 Nb3 23. Qd1 0-0 24. Rxa2 Rc8 25. Ng4 a5 26. Nf6+ Kh8 27. Ng5 Bxf6 28. exf6 Rc7 29. Nf3 Ra6 30. Nd2 b5 31. Nxb3 cxb3 32. Ra1 Qc4 33. Qd2 Ra8 34. f5 gxf5 35. Rf3 Rg8 36. Qh6 Rcc8 37. Rg3 Rxg3 38. Bxg3 Rg8 39. Qe3 Qc8 40. Bf4 Qd8 41. Qe2 Rg4 42. g3 Kg8 43. Qe5 Rg6 44. Qb8 Qxb8 45. Bxb8 a4 46. Be5 Rg4 47. Bf4 Rg6 48. Kf2 Rxf6 49. Ke3 Rg6 50. Kd2 f6 51. c4 dxc4 52. Kc3 Rg7 53. Rd1 Rb7 54. d5 e5 55. Be3 Kf7 56. d6 Ke6 57. Kb4 Kd7 58. Bf2 Kc6 59. Be1 Rd7 60. Bc3 Rxd6 61. Rxd6+ Kxd6 62. Kxb5 Kd5 63. Kxa4 f4 64. gxf4 exf4 65. Bxf6 f3 66. Bh4 Kd4 67. Kb4 Kd3 68. a4 c3 69. a5 c2 70. a6 c1Q 71. a7 Qc8 72. Bf2 Ke2 0-1

[Event "GRE-ch U18"]
[Site "Rethymno"]
[Date "2019.01.03"]
[Round "3"]
[White "Tzagarakis, Panagiotis"]
[Black "Alexakis, Dimitris"]
[Result "0-1"]
[WhiteElo "1789"]
[BlackElo "2257"]
[PlyCount "94"]
[EventDate "2019.01.02"]
[EventType "swiss"]
[EventRounds "9"]
[EventCountry "GRE"]
[SourceTitle "CBM 188 Extra"]
[Source "ChessBase"]
[SourceDate "2019.02.26"]
[SourceVersion "1"]
[SourceVersionDate "2019.02.26"]
[SourceQuality "1"]

1. e4 c5 2. Nf3 Nc6 3. d4 cxd4 4. Nxd4 Nf6 5. Nc3 d6 6. Bg5 e6 7. Qd2 h6 8. Nxc6 bxc6 9. Bf4 e5 10. Bg3 Be6 11. 0-0-0 Nh5 12. Be2 Nxg3 13. hxg3 Qa5 14. f4 Rb8 15. b3 Rd8 16. Qe3 Be7 17. Kb1 Bf6 18. f5 Bc8 19. Bc4 Ke7 20. Qd3 Rd7 21. Kb2 Rhd8 22. a3 d5 23. b4 Qc7 24. exd5 cxd5 25. Bxd5 e4 26. Qxe4+ Kf8 27. Bc6 Re7 28. Rxd8+ Qxd8 29. Qf3 Qb6 30. Kc1 Qd4 31. Rd1 Qb6 32. b5 Bg5+ 33. Kb1 Re5 34. g4 Kg8 35. Nd5 Qb8 36. f6 Be6 37. fxg7 Kxg7 38. c4 f6 39. Rf1 f5 40. Qc3 Kh7 41. gxf5 Bxd5 42. cxd5 Re3 43. Qc2 Bf6 44. Ka2 Qd6 45. Qc1 Rc3 46. Qb2 Rxc6 47. Qf2 Qxd5+ 0-1